[Event "Your Next Move GCT 2018-Rapid"]
[Site "Leuven"]
[Date "2018.06.12"]
[Round "2"]
[White "Caruana, Fabiano"]
[Black "Vachier-Lagrave, Maxime"]
[Result "1/2-1/2"]
[WhiteElo "2753"]
[BlackElo "2777"]
[Annotator "TA"]
[PlyCount "86"]
[EventDate "2018.??.??"]
[EventType "tourn"]
[EventCountry "BEL"]
[SourceTitle "playchess.com"]
[Source "ChessBase"]
[SourceQuality "1"]

{[%evp 13,86,17,22,22,21,12,14,15,11,20,20,15,19,18,53,-7,7,10,0,7,0,0,17,0,45,22,105,105,129,140,140,129,166,157,196,118,114,123,112,104,91,86,218,210,215,156,147,138,120,92,66,70,296,287,321,36,69,71,120,68,72,0,0,0,0,0,0,0,0,0,0,0,0,0,0]} 1. d4 Nf6 2. c4 g6 3. Nf3 Bg7 4. e3 O-O 5. Be2 c5 6. d5 d6 7. Nc3 e6 8. O-O {E61: King's Indian: Early deviations for White, including Smyslov System} exd5 9. cxd5 Na6 (9... Qe7 10. Nd2 b6 11. Nc4 Ba6 12. a4 Ne8 13. Qb3 {1-0 (62) Fedoseev,V (2706)-Nepomniachtchi,I (2751) Poikovsky 2018}) 10. Nd2 Re8 11. e4 Rb8 12. a4 Nb4 13. f3 $146 ({Predecessor:} 13. f4 b6 14. Re1 a6 15. Bf1 Bg4 16. Nf3 Nh5 17. Na2 Bd4+ {½-½ (39) Schmid,S (2005)-Wallinger,M (2215) Gunzenhausen 1991}) 13... Nd7 14. Kh1 (14. Nb5 $14) 14... a6 15. a5 b5 16. axb6 $1 Nxb6 17. Nb3 Bd7 18. Bf4 Qe7 (18... Bb5 $5) 19. Qd2 (19. Bxa6 $2 Bxc3 20. bxc3 Nxa6 $19) 19... c4 (19... N4xd5 $11 20. Nxd5 Nxd5 21. Qxd5 Be6 22. Bxd6 Bxd5 23. Bxe7 Rxe7 24. Nxc5 (24. exd5 Rxe2 25. Nxc5 Rbxb2 $15) 24... Rxb2 25. Bxa6 (25. Rxa6 Bxe4 26. Nxe4 Rxe2 $11) 25... Bc6) 20. Na5 $16 Rec8 21. Rfd1 h5 22. Be3 h4 23. h3 f5 24. Nc6 (24. Re1 $18) 24... Bxc6 25. dxc6 Rxc6 26. Ra5 fxe4 27. fxe4 Nd3 (27... Be5 $16) 28. Rxa6 $18 (28. Bxd3 $6 cxd3 29. Qxd3 (29. Rxa6 Nc4 $14) 29... Nc4 $16) 28... Qb7 29. Ra5 Nd7 30. Nd5 N7c5 31. Bxc5 Rxc5 32. Bxd3 Rxa5 $2 (32... cxd3 $14 33. b4 Rxa5 34. bxa5 Ra8) 33. Bxc4 ({Not} 33. Qxa5 cxd3 34. Qd2 (34. Rxd3 Ra8 $11) 34... Qxb2 $11) 33... Rc5 {[#]} 34. b3 $2 (34. Qg5 $1 $18 Rxc4 35. Ne7+ Kf8 36. Rf1+ Ke8 37. Qxg6+ Kd7 38. Nf5 (38. Qxg7 Qxb2 39. Qf7 Rc1 $14)) 34... Rxc4 35. bxc4 {aiming for Qg5.} Qb3 {[#]} 36. Ne3 (36. Nf4 $1 $16 Kh7 37. Qxd6) 36... Rf8 $14 37. Qe2 ({White should try} 37. Qd5+ $16 Kh7 38. Ng4) 37... Rf4 $11 {The position is equal.} 38. Ng4 Rxe4 39. Qxe4 Qxd1+ 40. Kh2 Qd4 41. Qxd4 Bxd4 42. g3 hxg3+ 43. Kxg3 Kf7 {Precision: White = 50%, Black = 38%.} 1/2-1/2

[Event "Your Next Move GCT 2018-Rapid"]
[Site "Leuven"]
[Date "2018.06.12"]
[Round "2"]
[White "Karjakin, Sergey"]
[Black "Grischuk, Alexander"]
[Result "1-0"]
[WhiteElo "2743"]
[BlackElo "2783"]
[Annotator "TA"]
[PlyCount "95"]
[EventDate "2018.??.??"]
[EventType "tourn"]
[EventCountry "BEL"]
[SourceTitle "playchess.com"]
[Source "ChessBase"]
[SourceQuality "1"]

{[%evp 16,95,34,6,8,7,7,0,0,0,0,0,6,14,27,17,29,16,82,0,54,53,45,10,11,11,10,13,15,16,113,113,83,47,55,48,45,45,45,41,45,-7,16,22,40,0,2,0,0,-85,-97,-277,-303,-413,20,6,6,6,6,6,1,3,4,9,9,6,7,0,13,-17,17,2,48,54,73,30,70,50,87,112,404,414]} 1. e4 e5 2. Nf3 Nc6 3. Bc4 Bc5 4. c3 Nf6 5. d3 d6 6. O-O a6 7. a4 h6 8. Re1 {C54: Giuoco Piano: 4 c3 Nf6, main lines with 5 d4 and 5 d3} O-O 9. Nbd2 {LiveBook: 35 Games} a5 10. Nf1 {The position is equal.} Be6 11. b3 $146 ({Predecessor:} 11. Qb3 Qd7 12. Be3 Bxc4 13. Qxc4 Bxe3 14. Nxe3 Ne7 15. Rad1 Rfe8 {1-0 (58) Artemiev,V (2697)-Grischuk,A (2767) Moscow 2018}) 11... d5 12. exd5 Nxd5 13. Bd2 Bd6 14. Ng3 Re8 15. h3 Rb8 16. Qc2 Qf6 {[#]} (16... Nb6 $11) 17. Re2 (17. d4 $1 $16) 17... Re7 (17... Nb6 $11) 18. Rae1 $14 Rbe8 19. Kh2 g5 20. Bb5 Bd7 21. Qc1 Nf4 22. Bxf4 gxf4 (22... exf4 $11 {keeps the balance.} 23. Ne4 Qg6) 23. Ne4 $16 Qg7 24. g3 fxg3+ 25. fxg3 {Threatens to win with g4.} f5 26. Nxd6 cxd6 27. Nh4 Qg5 28. Ng2 (28. Rf1 $14) 28... Qh5 29. Re3 Rg7 30. Qd1 (30. d4 $5) 30... Qg5 31. Qf3 Rf8 32. Rf1 (32. Qd5+ $11 Rff7 33. Bc4) 32... f4 $1 $17 {[%cal Rf4g3] Strongly threatening ...fxg3+.} 33. gxf4 $2 (33. Qd5+ $17 {only move.} Kh8 34. gxf4 exf4 35. Qxg5 hxg5 36. d4) 33... exf4 $19 34. d4 {[#]} Rf6 $2 (34... Qxg2+ $1 $19 {[%mdl 512]} 35. Qxg2 Rxg2+ 36. Kxg2 fxe3 37. Bc4+ Kg7) 35. Re4 {[%cal Re4f4]} Qg3+ 36. Qxg3 $1 fxg3+ 37. Kg1 Rxf1+ 38. Bxf1 Bxh3 39. Bc4+ Kh7 40. Nf4 Bf5 41. Re3 Rg5 42. Ne2 g2 43. Nf4 Rg4 44. Nxg2 Kg7 45. Be2 Rg6 46. Kf2 Re6 47. Rg3+ Rg6 $2 {[%mdl 8192]} (47... Bg6 $16 {was called for.}) 48. Nh4 {Precision: White = 47%, Black = 41%.} 1-0

[Event "Your Next Move GCT 2018-Rapid"]
[Site "Leuven"]
[Date "2018.06.12"]
[Round "3"]
[White "Anand, Viswanathan"]
[Black "Aronian, Levon"]
[Result "1/2-1/2"]
[WhiteElo "2822"]
[BlackElo "2795"]
[Annotator "TA"]
[PlyCount "107"]
[EventDate "2018.??.??"]
[EventType "tourn"]
[EventCountry "BEL"]
[SourceTitle "playchess.com"]
[Source "ChessBase"]
[SourceQuality "1"]

{[%evp 25,107,15,15,19,12,15,9,12,16,9,18,17,31,26,21,24,36,45,41,36,50,39,69,68,68,0,75,72,68,72,75,61,72,58,77,77,77,77,77,77,85,83,92,92,93,87,85,59,93,92,93,91,92,90,93,36,36,36,96,96,108,107,94,39,48,31,31,31,38,0,59,71,76,31,31,20,20,0,0,0,0,0,0,0]} 1. e4 e5 2. Nf3 Nc6 3. Bb5 Nf6 4. O-O Nxe4 5. Re1 Nd6 6. Nxe5 Be7 7. Bf1 Nxe5 8. Rxe5 O-O 9. Nc3 {[%cal Bb1c3,Bc3d5,Bd5e3][%mdl 32] C67: Ruy Lopez: Berlin Defence: 4 0-0 Nxe4} Ne8 10. Nd5 Bd6 11. Re1 c6 12. Ne3 Be7 13. c4 Nc7 {LiveBook: 34 Games} 14. d4 d5 15. cxd5 Nxd5 16. Nxd5 cxd5 {[#]} 17. Bf4 $146 Be6 18. Qb3 Bf6 19. Be5 Bxe5 20. Rxe5 Qb6 21. Qxb6 axb6 22. Re3 Rfc8 23. Rb3 Rc6 24. Bb5 Rc7 25. Bd3 ({Better is} 25. a3 $14) 25... Rc6 (25... Ra4 $11) 26. Kf1 g6 27. a3 Rac8 28. Ke2 Kf8 29. Kd2 Ke7 30. Re1 Kd8 31. h4 h5 32. g3 Bd7 33. Re5 Rd6 34. Rc3 Rcc6 35. Be2 Be6 36. Bb5 Rc7 37. Ree3 Rxc3 38. Kxc3 $16 {[%mdl 4096] Endgame KRB-KRB} Kc7 39. Bd3 Rc6+ 40. Kb4 (40. Kd2 $16) 40... Kd6 $14 41. Re1 Bd7 ({Black should play} 41... Rc7 $14) 42. Bb5 $16 Rc8 43. Bxd7 Kxd7 {KR-KR} 44. Re2 ({White should try} 44. Kb5 $16) 44... Rc4+ $1 $14 45. Kb5 Rxd4 46. Kxb6 Rd3 $1 47. Kc5 (47. Re3 $5 {[%cal Re3d3]} Rd2 48. b4 $14) 47... f6 (47... f5 $11) 48. a4 $1 g5 49. hxg5 fxg5 50. Re5 $1 {[%csl LRd5,LRg5]} b6+ $1 {The position is equal.} 51. Kxb6 {[#] Strongly threatening b4.} Kd6 52. Rxg5 {Threatens to win with b4.} Rb3+ 53. Ka6 Rxb2 54. Rxh5 {Precision: White = 65%, Black = 58%.} 1/2-1/2

[Event "Your Next Move GCT 2018-Rapid"]
[Site "Leuven"]
[Date "2018.06.12"]
[Round "3"]
[White "Nakamura, Hikaru"]
[Black "Karjakin, Sergey"]
[Result "1/2-1/2"]
[WhiteElo "2813"]
[BlackElo "2743"]
[Annotator "TA"]
[PlyCount "99"]
[EventDate "2018.??.??"]
[EventType "tourn"]
[EventCountry "BEL"]
[SourceTitle "playchess.com"]
[Source "ChessBase"]
[SourceQuality "1"]

{[%evp 14,99,9,-11,-7,-8,0,0,3,-4,0,0,0,-7,0,0,0,0,0,0,0,-13,-7,-22,-25,-20,-16,-35,-37,-40,-2,-27,-7,-42,-23,-23,-26,-27,0,0,0,0,0,-8,-6,-6,-5,-6,-4,-6,0,-31,-37,-63,-60,-60,-62,-49,-61,-58,-47,-68,-10,-14,0,0,0,0,1,0,0,0,0,0,0,0,0,0,0,0,0,0,0,0,0,0,0,0]} 1. e4 e5 2. Nf3 Nc6 3. Bb5 Nf6 {[%cal Bg8f6,Bf6d7,Bd7f8,Bf8g6][%mdl 32]} 4. d3 Bc5 5. Bxc6 dxc6 6. h3 {C65: Ruy Lopez: Berlin Defence (3...Nf6), unusual lines and 4 0-0 Bc5} O-O 7. Nc3 Nd7 8. Be3 {LiveBook: 5 Games} Re8 9. Ne2 Bb4+ 10. Nd2 $146 ({Predecessor:} 10. c3 Bf8 11. Qc2 c5 12. O-O-O Nb8 13. Ng3 Nc6 {0-1 (46) Caruana,F (2799)-Grischuk,A (2782) Saint Louis 2017}) 10... Nf8 11. a3 Bd6 12. O-O Ng6 13. Nc4 Be6 14. Nxd6 cxd6 15. f4 exf4 16. Nxf4 d5 17. Nxg6 hxg6 18. e5 d4 19. Bf4 c5 20. Qd2 Qd5 21. Rae1 c4 22. Rd1 Red8 23. Bg5 {[#] Hoping for dxc4.} Rdc8 24. dxc4 Rxc4 25. b3 Rc5 26. Be7 Rc7 27. Bd6 Rc3 $1 28. Bb4 Rc6 29. c4 $132 {[%mdl 2048] White has counterplay} Qxe5 {[#] Threatens to win with ...a5.} 30. Rde1 Qc7 31. Qxd4 Qb6 32. c5 Qd8 33. Qe3 Qd5 34. Rd1 Qxb3 35. Rd3 Qc4 36. Rf4 Qb5 37. Kh2 a5 (37... Bf5 $15 38. Rd6 a5 39. Rxc6 Qxc6) 38. a4 $11 {The position is equal.} Qxb4 39. Rxb4 axb4 40. Qd2 Rxc5 41. Rd8+ Rxd8 42. Qxd8+ {[%mdl 4096] Endgame KQ-KRB} Kh7 43. Qb6 Rc8 44. Qxb7 {a5 is the strong threat.} b3 $1 45. a5 {Black must now prevent a6.} Rc2 46. a6 Ra2 47. a7 b2 48. a8=Q Rxa8 49. Qxb2 Ra4 50. Qe5 {Precision: White = 57%, Black = 68%.} 1/2-1/2

[Event "Your Next Move GCT 2018-Rapid"]
[Site "Leuven"]
[Date "2018.06.12"]
[Round "3"]
[White "Grischuk, Alexander"]
[Black "Caruana, Fabiano"]
[Result "1-0"]
[WhiteElo "2783"]
[BlackElo "2753"]
[Annotator "TA"]
[PlyCount "71"]
[EventDate "2018.??.??"]
[EventType "tourn"]
[EventCountry "BEL"]
[SourceTitle "playchess.com"]
[Source "ChessBase"]
[SourceQuality "1"]

{[%evp 15,71,31,21,0,23,0,15,15,35,37,31,29,19,26,169,118,247,249,252,254,419,406,426,424,416,411,448,481,467,450,640,622,564,540,612,467,475,454,585,425,591,627,618,582,615,620,595,615,702,681,710,733,821,772,767,758,675,631]} 1. e4 e5 2. Nf3 Nf6 3. Nxe5 d6 4. Nf3 Nxe4 5. Bd3 d5 6. O-O {C42: Petroff Defence: 3 Nxe5 and unusual White 3rd moves} Be7 7. Re1 Nd6 8. Nc3 c6 $1 {LiveBook: 10 Games} 9. b3 $146 ({Predecessor:} 9. Qe2 Bg4 10. b3 Bxf3 11. Qxf3 O-O 12. Ba3 Nc8 {½-½ (55) Movsesian,S (2747)-Harikrishna,P (2686) Sarajevo 2009}) 9... O-O 10. Ba3 Bg4 11. h3 Bh5 12. Qe2 Bf6 13. Qe3 {Hoping for Qf4.} Re8 14. Qf4 Bxf3 (14... Ne4 $1 $11 {and Black has nothing to worry.}) 15. Bxd6 ({Resist} 15. Qxf3 $6 Na6 $14) (15. gxf3 $18 Rxe1+ 16. Rxe1) 15... Bh5 {[#]} (15... Be4 $16) 16. Bc7 $1 $40 {[%cal Rc7d8][%mdl 128] White is out for blood.} Qc8 {[#]} 17. Bf5 $1 {[%cal Rf5c8]} Rxe1+ $2 (17... Re6 {is a better defense.} 18. Bxe6 fxe6) 18. Rxe1 Qf8 19. Bd6 Qd8 20. Qb4 Nd7 21. Qxb7 {White is clearly winning.} Nb6 22. Qxc6 Bg6 (22... Bxc3 $142 23. Bc7 Qf8 24. dxc3 Bg6) 23. Bc7 Qf8 24. Bxg6 hxg6 25. Nxd5 Nxd5 26. Qxd5 Kh7 27. Bd6 Qd8 28. c4 {[%cal Bc2c4,Bc4c5][%mdl 32]} Rc8 29. b4 Qd7 30. c5 Qa4 31. Qb3 Qd7 32. Re4 Qf5 33. d3 Kg8 34. Qc4 Qh5 35. Re1 Qg5 36. Qg4 {Precision: White = 76%, Black = 26%.} 1-0

[Event "Your Next Move GCT 2018-Rapid"]
[Site "Leuven"]
[Date "2018.06.12"]
[Round "3"]
[White "Vachier-Lagrave, Maxime"]
[Black "So, Wesley"]
[Result "1/2-1/2"]
[WhiteElo "2777"]
[BlackElo "2763"]
[Annotator "TA"]
[PlyCount "88"]
[EventDate "2018.??.??"]
[EventType "tourn"]
[EventCountry "BEL"]
[SourceTitle "playchess.com"]
[Source "ChessBase"]
[SourceQuality "1"]

{[%evp 26,88,-10,-17,0,-10,-3,-2,-2,-2,-12,-16,-8,-8,-2,-30,-13,-24,-32,-42,-50,-52,-57,-41,-29,-27,-35,-30,-31,-37,-44,-54,-47,-98,-50,-134,-134,-117,-17,-28,-28,-61,-17,-17,0,-10,0,-320,0,0,0,0,0,0,0,0,0,0,0,0,0,0,0,-135,0]} 1. d4 Nf6 2. c4 e6 3. Nc3 Bb4 4. Nf3 O-O 5. Bg5 c5 6. e3 cxd4 7. exd4 h6 8. Bh4 d5 9. Be2 dxc4 10. O-O Nc6 11. Bxc4 Be7 12. Rc1 b6 13. a3 Bb7 14. Re1 Nh5 {E57: Nimzo-Indian: Rubinstein: Main Line: 7...Nc6 8 a3 dxc4 9 Bxc4 cxd4} (14... Na5 15. Ba2 Bxf3 16. gxf3 Rc8 17. Qd3 Nh5 18. Bg3 Nxg3 19. hxg3 Bf6 20. Rcd1 Nc6 21. Bb1 Re8 22. d5 {1-0 (36) Shen,Y (2449)-Zhang,X (2353) Xinghua 2015}) 15. Bg3 $146 ({Predecessor:} 15. Bxe7 Nxe7 16. Ne5 Nf4 17. g3 Nh3+ 18. Kf1 Rc8 19. Bb3 Nc6 20. Nxc6 Rxc6 21. f4 Rd6 22. Qg4 Rxd4 23. Qxh3 Rd2 24. Bc4 Qd4 25. Be2 Rxb2 26. Qh5 f5 27. Nd1 Qe4 28. Bf3 Qd3+ {½-½ (28) Garau,B (2272)-Ettrich,R (2292) ICCF email 2015}) 15... Nxg3 16. hxg3 Bf6 {[%cal Rc6d4] The position is equal.} 17. d5 Na5 18. Ba2 $1 Bxc3 $1 19. Rxc3 Bxd5 20. Bxd5 Qxd5 21. Qxd5 exd5 22. Rd1 Nc4 23. Rxd5 Nxb2 24. Rc7 Rad8 25. Rxd8 $1 Rxd8 $11 {[%mdl 4096] Endgame KRN-KRN} 26. Ne5 a5 27. Nxf7 Rd5 28. f4 Nd3 29. Re7 (29. Kf1 $15) 29... b5 30. Ne5 (30. Ra7 $15) 30... Nxe5 $17 31. fxe5 {[#] KR-KR} Rd3 (31... Kf8 $1 $17 {[%cal Rf8e7]} 32. Ra7 a4) 32. e6 $11 Kf8 33. Rb7 Rxa3 {...Rb3 is the strong threat.} ({But not} 33... Rxg3 34. Rxb5 a4 35. Rb8+ Ke7 36. Kf2 $17) 34. Rxb5 a4 35. Rb4 Ke7 36. Re4 $2 {[%mdl 8192]} (36. Rb7+ $11 {and White has nothing to worry.} Kxe6 37. Rxg7) 36... h5 $2 (36... Ra1+ $19 37. Kh2 a3) 37. g4 h4 38. g5 Ra1+ 39. Kh2 a3 40. Rxh4 Kxe6 {[#] White must now prevent ...a2.} 41. Ra4 g6 {Strongly threatening ...a2.} 42. Kg3 Kf5 {Threatens to win with ...a2.} 43. Ra5+ Ke4 {aiming for ...a2.} 44. Ra6 (44. Ra4+ $11 Ke3 45. Ra6) 44... Kf5 {Precision: White = 57%, Black = 49%.} ({Better is} 44... a2 $17 45. Ra3 Kf5 46. Ra5+ Ke4) 1/2-1/2

[Event "Your Next Move GCT 2018-Rapid"]
[Site "Leuven"]
[Date "2018.06.12"]
[Round "3"]
[White "Mamedyarov, Shakhriyar"]
[Black "Giri, Anish"]
[Result "1/2-1/2"]
[WhiteElo "2766"]
[BlackElo "2779"]
[Annotator "TA"]
[PlyCount "56"]
[EventDate "2018.??.??"]
[EventType "tourn"]
[EventCountry "BEL"]
[SourceTitle "playchess.com"]
[Source "ChessBase"]
[SourceQuality "1"]

{[%evp 12,56,5,7,15,2,8,5,0,0,16,16,14,16,14,0,30,-21,50,36,58,27,21,0,0,0,0,0,0,0,0,-89,75,75,77,75,74,116,83,87,276,264,780,0,44,0,791]} 1. d4 d5 2. c4 e6 3. Nc3 Be7 4. cxd5 exd5 5. Bf4 c6 6. e3 Bf5 7. f3 {LiveBook: 4 Games. D31: Queen's Gambit Declined: Semi-Slav without ...Nf6 (+ Marshall Gambit and Noteboom) and Exchange Variation lines without ...Nf6} (7. g4 Be6 8. Qb3 Qb6 9. f3 g5 10. Be5 f6 11. Bg3 Qxb3 12. axb3 h5 13. gxh5 Rxh5 14. Bd3 Kf7 15. h4 f5 {½-½ (42) Kramnik,V (2800)-So,W (2799) Berlin 2018}) 7... Bg6 8. Bd3 Nf6 9. g4 Bxd3 10. Qxd3 O-O $146 ({Predecessor:} 10... Bd6 11. Nge2 Bxf4 12. Nxf4 Na6 13. O-O-O Qe7 14. Rhe1 O-O-O {0-1 (87) Vass,F (2189)-Kotan,L (2379) Bratislava 2004}) 11. Nge2 Nbd7 12. h4 Ne8 13. h5 Bd6 14. Kf2 (14. O-O-O $142) 14... b5 (14... Bxf4 $11 15. Nxf4 h6) 15. Rac1 a5 16. a4 b4 17. Nb1 {[%cal Bc3b1,Bb1d2,Bd2f1,Bf1g3][%mdl 32]} Rc8 18. Nd2 Bxf4 19. Nxf4 Nd6 $1 20. b3 $36 {[%mdl 2048] White is more active.} Re8 21. Rc2 (21. Nf1 $11) 21... Nb8 $2 (21... f5 $17 {And now ...fxg4 would win.} 22. gxf5 Qg5) 22. Nf1 $1 $16 Qf6 23. Ng3 g5 24. hxg6 $1 fxg6 25. Rc5 Nb7 $2 (25... Re7 $16) 26. Rcc1 $18 {aiming for Rxh7!} Nd6 $2 {[#]} (26... Nd7 27. Rh3 Nd6) 27. Rc5 $2 (27. Rxh7 $1 $18 {[%mdl 512]} Kxh7 28. Rh1+ Kg8 29. Rh6) 27... Nb7 $1 $14 {[%cal Rb7c5]} 28. Rcc1 $2 {[%mdl 8192]} (28. Rc4 $14) 28... Nd6 $1 {[%mdl 32768] Precision: White = 49%, Black = 44%. . An unexpected result.} 1/2-1/2

[Event "Your Next Move GCT 2018-Rapid"]
[Site "Leuven"]
[Date "2018.06.13"]
[Round "4"]
[White "Aronian, Levon"]
[Black "Mamedyarov, Shakhriyar"]
[Result "1/2-1/2"]
[WhiteElo "2795"]
[BlackElo "2766"]
[Annotator "TA"]
[PlyCount "125"]
[EventDate "2018.??.??"]
[EventType "tourn"]
[EventCountry "BEL"]
[SourceTitle "playchess.com"]
[Source "ChessBase"]
[SourceQuality "1"]

{[%evp 11,125,17,25,14,31,20,29,18,15,0,6,0,1,0,22,31,25,17,14,22,16,10,23,15,24,23,32,19,26,17,19,19,20,19,26,19,19,19,30,23,56,50,45,52,65,37,44,27,156,88,74,0,164,0,86,75,62,31,37,35,44,42,37,22,30,0,0,0,0,0,0,0,0,0,0,0,0,0,0,0,24,29,36,0,0,0,0,0,0,0,0,0,0,0,0,0,0,0,0,0,0,0,0,0,0,0,0,0,0,0,0,0,0,0,0,0]} 1. e4 e5 2. Nf3 Nc6 3. Bc4 Nf6 4. d3 h6 5. O-O d6 6. Re1 g5 {LiveBook: 3 Games. C55: Two Knights: 4 d3, 4 d4 exd4 5 e5 and Max Lange Attack} (6... g6 7. d4 Bg4 8. Bb5 Nd7 9. Bxc6 bxc6 10. Nbd2 Bg7 11. h3 Be6 12. Nf1 exd4 13. Nxd4 c5 14. Nf5 {1-0 (42) Karjakin,S (2760)-Short,N (2678) Riadh 2017}) 7. Nc3 $146 ({Predecessor:} 7. c3 Bg7 8. Nfd2 O-O 9. Nf1 d5 10. Bb3 Bg4 11. Qc2 Ne7 12. Nbd2 Ng6 13. exd5 Nxd5 14. Ne4 {1-0 (77) Rendle,T (2362)-Daulyte,D (2439) chess.com INT 2018}) 7... Bg7 8. d4 O-O 9. dxe5 dxe5 10. Be3 Bg4 11. Bc5 Re8 12. Bb5 a6 13. Bxc6 bxc6 14. Qxd8 Raxd8 15. Be3 Bf8 16. Nd2 {[%cal Bf3d2,Bd2b3,Bb3c5][%mdl 32]} Bb4 17. Nb3 Be6 18. Nc5 Bc4 19. a3 Bxc3 20. bxc3 Rb8 21. h4 gxh4 22. Bxh6 Rb2 $1 23. Bg5 Nh5 24. Bxh4 Rxc2 25. Re3 f6 26. g4 $36 {[%mdl 2048] White is more active.} Nf4 {aiming for ...Kf7.} 27. Bxf6 Kf7 28. g5 {Nd7 is the strong threat.} Rd2 $1 29. Rb1 {Black must now prevent Rb7.} Ne2+ {[#]} (29... Nh5 $1 $11) 30. Kg2 (30. Kh2 $142 $1 Nf4 31. Rb7 Rxf2+ 32. Kg3 Rg2+ 33. Kf3) 30... Nf4+ $16 31. Kg1 (31. Kf3 $16) 31... Ne2+ $18 {[#]} 32. Kg2 (32. Kh2 $1 $18 Nf4 33. Rb7) 32... Nf4+ $16 33. Kf3 {Threatens to win with Rb7.} Nh5 34. Rb7 (34. Rb4 {feels hotter.} Bb5 35. a4 a5 36. Rb1 Nxf6 37. axb5 Nh7 38. g6+) 34... Nxf6 35. Rxc7+ Re7 36. Rxe7+ Kxe7 37. gxf6+ Kxf6 $14 {[%mdl 4096] Endgame KRB-KRN} 38. Kg3 Ke7 39. f4 Kd6 40. Nb7+ Kc7 $1 41. Na5 Bg8 {Hoping for ...Kb6.} 42. c4 Kb6 43. Nb3 exf4+ 44. Kxf4 Rf2+ 45. Rf3 Ra2 46. c5+ Kb5 47. Ke5 (47. Kf5 {is more complex.} Rh2 48. Kf6 Rh1 49. Nd4+ Kxc5 50. Nf5) 47... Bxb3 $1 {The position is equal.} 48. Rxb3+ Kxc5 $11 {KR-KR} 49. Rc3+ Kb5 50. Ke6 c5 51. e5 c4 52. Kf5 Rf2+ 53. Ke4 Re2+ 54. Kd4 Rd2+ 55. Ke3 Rd1 56. Ke2 Rd7 57. e6 Re7 58. Re3 Kc5 59. Kd2 Kd4 60. Re1 Kd5 61. Kc3 Rxe6 62. Rxe6 Kxe6 63. Kxc4 {Precision: White = 70%, Black = 72%.} 1/2-1/2

[Event "Your Next Move GCT 2018-Rapid"]
[Site "Leuven"]
[Date "2018.06.13"]
[Round "4"]
[White "Vachier-Lagrave, Maxime"]
[Black "Grischuk, Alexander"]
[Result "1/2-1/2"]
[WhiteElo "2777"]
[BlackElo "2783"]
[Annotator "TA"]
[PlyCount "123"]
[EventDate "2018.??.??"]
[EventType "tourn"]
[EventCountry "BEL"]
[SourceTitle "playchess.com"]
[Source "ChessBase"]
[SourceQuality "1"]

{[%evp 22,123,0,0,0,0,22,10,51,57,44,9,12,0,44,17,29,27,46,45,32,36,37,33,45,21,64,27,14,19,79,87,79,71,61,14,15,0,0,-13,-7,-16,0,0,0,0,0,0,0,0,0,0,0,0,0,0,0,0,0,0,0,-62,-62,-62,-62,-124,-77,-77,-77,-77,-62,-102,-62,-102,-62,-102,-77,-77,-62,-62,-62,-62,-62,-62,0,0,0,0,0,0,0,0,0,0,0,0,0,0,0,0,0,0,0,0]} 1. e4 e5 2. Nf3 Nc6 3. Bb5 Nf6 4. d3 Bc5 5. O-O d6 6. c3 O-O 7. Nbd2 Ne7 {C65: Ruy Lopez: Berlin Defence (3...Nf6), unusual lines and 4 0-0 Bc5} 8. d4 exd4 9. cxd4 Bb6 10. Re1 Bg4 11. h3 Bh5 12. Qb3 {LiveBook: 15 Games} a6 13. Bd3 $146 ({Predecessor:} 13. Bf1 d5 14. e5 Nd7 15. Qe3 {1-0 (39) Tiviakov,S (2656)-Bok,B (2586) Amsterdam 2014}) 13... Nc6 14. d5 Nd4 15. Nxd4 Bxd4 16. Bc2 Nd7 17. g4 Bg6 (17... Qh4 {is interesting.} 18. Qf3 Bg6 19. Qg2 Qf6 20. g5 Qe7) 18. Nf3 Bb6 19. Bg5 Qb8 20. Be3 Bxe3 21. Qxe3 Re8 22. Rad1 h6 23. Kg2 Qd8 24. Qd4 Rc8 25. Re3 Ne5 (25... Nf6 $11) 26. Nxe5 $16 dxe5 27. Qd2 Qd6 28. Rb3 c6 {With the idea ...cxd5.} 29. Rxb7 cxd5 {[#] Hoping for ...Qc6.} 30. Ba4 d4 31. f3 Rb8 32. Rxb8 Rxb8 33. Rc1 a5 34. Bb3 Qb6 35. Rc4 Kh7 36. Ra4 Ra8 37. Bd5 Ra7 38. b4 axb4 39. Qxb4 Qxb4 40. Rxb4 $11 {[%mdl 4096] Endgame KRB-KRB} f6 41. Rb7 (41. f4 $11) 41... Rxb7 $15 42. Bxb7 {[#] Threatens to win with a4. KB-KB} Be8 43. Kf2 (43. h4 $15) 43... Kg8 44. Bd5+ Kf8 45. h4 Ke7 46. Ke2 Kd6 47. a3 Kc5 48. Bb3 Bb5+ 49. Kd2 Bf1 50. Bf7 Kb5 51. Be8+ Ka5 52. h5 Bb5 (52... Bc4 $15) 53. Bxb5 $11 {The position is equal.} Kxb5 {KP-KP} 54. Kc1 $1 Ka4 55. Kb2 $1 Ka5 56. Kc2 Kb6 (56... Ka4 $5 57. Kb2 $8 Ka5 $11) 57. Kd1 Kc5 (57... Kb5 $5 58. Kc1 $8 Kc4 $11) 58. Kd2 Kb5 {White must now prevent ...Ka4.} (58... Kc4 $5 59. Kc2 $8 Kc5 $11) 59. Kc1 $1 Kc6 60. Kc2 Kb6 61. Kd1 Kc5 62. Kd2 {Precision: White = 63%, Black = 51%.} 1/2-1/2